000 00970cam a2200301 a 4500
001 61623
005 20230410101950.0
008 830815m1971 dr b 001 0 spa
035 _9(DLC) 83148021
035 _a2356876
010 _a 83148021
040 _aDLC
_cDLC
_dDLC
043 _anwdr---
_anwht---
050 1 4 _a118 F 1938.58
_bB171C 1971
082 0 0 _a972.9305/4/092
100 1 _aCordero, Armando
245 1 0 _aJoaquín Balaguer :
_bPensador y estadista /
_cArmando Cordero.
250 _a3a ed. aumentada y corregida.
260 _aSanto Domingo :
_bImp. Arte y Cine,
_c1971
300 _a237 p.
600 1 0 _aBalaguer, Joaquín,
_d1906-2002.
651 0 _aDominican Republic
_xPolitics and government
_y20th century.
610 2 0 _aPartido Reformista (Dominican Republic)
650 0 _aPresidents
_zDominican Republic
_vBiography.
600 1 4 _aBalaguer, Joaquín*1906-2002
700 1 _aBalaguer, Joaquín,
_d1906-2002.
942 _2lcc
_cbk
999 _c16532
_d16532